000 005370000a22001330004500
090 _aAS
_bSeriadas
245 1 0 _aMovimientos y uso del tiempo y el espacio por una guartinaja (<Agouti paca>) en la Sierra Nevada de Santa Marta, Colombia
041 0 _aEspañol
700 1 _aRodríguez, Daniel
_920683
700 1 _aSánchez Palomino, Pedro
_931647
100 1 _aUlloa Arango, Luis Felipe
_912469
942 _cARTICULO
773 1 _tRevista de la Academia Colombiana de Ciencias Exactas, Fisicas y Naturales
_332
_hSupl. Esp.
_q687-694
_d1999
_g23
999 _c14318
_d14318